[Event "Aragon-chT Honor Titulo"]
[Site "Aragon"]
[Date "2018.03.17"]
[Round "8.7"]
[White "Quintin Navarro, Alberto"]
[Black "Andreu Sin, Raul"]
[Result "1-0"]
[WhiteElo "2380"]
[BlackElo "2041"]
[PlyCount "109"]
[EventDate "2018.03.17"]
[EventType "team-tourn"]
[EventRounds "10"]
[EventCountry "ESP"]
[SourceTitle "EXT 2019"]
[Source "ChessBase"]
[SourceDate "2018.10.10"]
[SourceVersion "1"]
[SourceVersionDate "2018.10.10"]
[SourceQuality "1"]
[WhiteTeam "St Casablanca"]
[BlackTeam "Barbastro"]
[WhiteTeamCountry "ESP"]
[BlackTeamCountry "ESP"]

1. d4 d5 2. c4 e6 3. Nf3 Nf6 4. g3 Be7 5. Bg2 0-0 6. 0-0 b6 7. Nc3 Bb7 8. cxd5 exd5 9. Ne5 Nbd7 10. Qa4 Nb8 11. Rd1 Qe8 12. Qb3 c6 13. a4 Nbd7 14. Nxd7 Qxd7 15. a5 bxa5 16. Rxa5 Rfb8 17. Bf4 Bd6 18. Bxd6 Qxd6 19. Rda1 Bc8 20. Qc2 a6 21. e4 dxe4 22. Nxe4 Nxe4 23. Bxe4 g6 24. Qxc6 Qxc6 25. Bxc6 Ra7 26. R5a2 Rb6 27. Bf3 Rd7 28. Rd1 Rdd6 29. Rd2 Rb4 30. d5 Bb7 31. Ra5 Kg7 32. Ra3 Rbb6 33. Rad3 Rb5 34. Bg2 Kf6 35. f4 Kg7 36. Kf2 Kf6 37. Ke3 Rb4 38. Ke2 Bc8 39. Rc3 Bb7 40. Kd1 Rb5 41. Rcd3 Rbb6 42. Kc2 Bc8 43. Rb3 Ke7 44. Re2+ Kd8 45. Kc3 Bb7 46. Rxb6 Rxb6 47. Kc4 Kd7 48. b4 Kd6 49. Re8 h5 50. Rd8+ Ke7 51. Rh8 a5 52. bxa5 Ba6+ 53. Kc5 Rf6 54. Rb8 Kd7 55. Rb6 1-0

[Event "Aragon-chT Preferente"]
[Site "Spain"]
[Date "2010.03.06"]
[Round "7.52"]
[White "Andreu Sin, Raul"]
[Black "Vasilev, Vas"]
[Result "1-0"]
[WhiteElo "2053"]
[BlackElo "1933"]
[PlyCount "67"]
[EventDate "2010.01.23"]
[EventType "team-swiss"]
[EventRounds "12"]
[EventCountry "ESP"]
[SourceTitle "EXT 2013"]
[Source "ChessBase"]
[SourceDate "2012.11.22"]
[SourceVersion "1"]
[SourceVersionDate "2012.11.22"]
[SourceQuality "1"]
[WhiteTeam "Barbastro"]
[BlackTeam "Aragon ONCE"]
[WhiteTeamCountry "ESP"]
[BlackTeamCountry "ESP"]

1. d4 g6 2. c4 Bg7 3. Nc3 c5 4. e3 d6 5. Nf3 Bg4 6. Be2 Nc6 7. d5 Bxc3+ 8. bxc3 Bxf3 9. Bxf3 Ne5 10. Be2 Qa5 11. Bd2 Nf6 12. f4 Ned7 13. Qc2 0-0 14. 0-0 b5 15. cxb5 c4 16. Bxc4 Rac8 17. Be2 Nxd5 18. c4 Qb6 19. Qe4 N5f6 20. Qf3 Nc5 21. h4 Nce4 22. Bc1 h5 23. f5 Qc5 24. Qh3 Qe5 25. Rb1 Qg3 26. fxg6 Qxh3 27. gxf7+ Rxf7 28. gxh3 Rg7+ 29. Kh2 Nc3 30. Rb2 Nxe2 31. Rxe2 Rxc4 32. Bb2 Rb4 33. Bxf6 exf6 34. Rxf6 1-0

[Event "Aragon-chT"]
[Site "Aragon"]
[Date "2009.03.28"]
[Round "9"]
[White "Andreu Sin, Raul"]
[Black "Palomar Ramon, Santiago"]
[Result "1-0"]
[WhiteElo "2041"]
[BlackElo "2022"]
[PlyCount "78"]
[EventDate "2009.01.24"]
[EventType "team-swiss"]
[EventRounds "9"]
[EventCountry "ESP"]
[SourceTitle "EXT 2011"]
[Source "ChessBase"]
[SourceDate "2010.11.26"]
[SourceVersion "1"]
[SourceVersionDate "2010.11.26"]
[SourceQuality "1"]

1. d4 Nf6 2. c4 d6 3. Nf3 Bg4 4. Nc3 Nbd7 5. e4 c5 6. Be2 cxd4 7. Nxd4 Bxe2 8. Qxe2 g6 9. 0-0 Bg7 10. Be3 0-0 11. Rad1 Qc8 12. f3 Ne5 13. b3 a6 14. Rc1 Nc6 15. Na4 Nd7 16. Nc2 Rb8 17. c5 dxc5 18. Nxc5 Nxc5 19. Bxc5 b6 20. Bf2 Qb7 21. Kh1 Rfd8 22. Rfd1 e6 23. Bh4 Nd4 24. Qf2 Rd7 25. Nxd4 Bh6 26. Rb1 g5 27. Bg3 Rbd8 28. Be5 Bg7 29. Bxg7 Kxg7 30. Qg1 Qc7 31. Rbc1 Qf4 32. Ne2 Qh4 33. Rxd7 Rxd7 34. Rd1 Rc7 35. Qd4+ Kg6 36. Ng3 Qf4 37. Ne2 Qh4 38. Qd8 Rc2 39. e5 Qf2 1-0

[Event "Autonomico-chT"]
[Site "Aragon"]
[Date "2005.02.12"]
[Round "3.35"]
[White "Marin Tolosa, Guillermo"]
[Black "Andreu Sin, Raul"]
[Result "1/2-1/2"]
[WhiteElo "1933"]
[BlackElo "2043"]
[PlyCount "55"]
[EventDate "2005.01.22"]
[EventType "team"]
[EventRounds "12"]
[EventCountry "ESP"]
[SourceTitle "EXT 2006"]
[Source "ChessBase"]
[SourceDate "2005.11.24"]
[SourceVersion "1"]
[SourceVersionDate "2005.11.24"]
[SourceQuality "1"]

1. d4 d5 2. Nf3 e6 3. Bf4 Nf6 4. e3 Bd6 5. Ne5 0-0 6. Nd2 c5 7. c3 Nc6 8. Bd3 Ne8 9. Ndf3 Bxe5 10. dxe5 f6 11. h4 Nxe5 12. Nxe5 fxe5 13. Bxe5 Nf6 14. g4 Nd7 15. Bd6 Rf7 16. g5 Qb6 17. Bxh7+ Kxh7 18. Qh5+ Kg8 19. g6 Qxd6 20. gxf7+ Kf8 21. Rg1 Qe5 22. Rg5 Qf6 23. Qh8+ Kxf7 24. 0-0-0 Qh6 25. Qd8 Qf6 26. Qh8 Qh6 27. Qd8 Qf6 28. Qh8 1/2-1/2

[Event "Aragon-chT"]
[Site "Spain"]
[Date "2004.03.06"]
[Round "6.4"]
[White "Andreu Sin, Raul"]
[Black "Gargallo Serrano, David"]
[Result "1-0"]
[WhiteElo "2079"]
[BlackElo "1749"]
[PlyCount "139"]
[EventDate "2004.01.??"]
[EventType "team"]
[EventRounds "11"]
[EventCountry "ESP"]
[SourceTitle "EXT 2006"]
[Source "ChessBase"]
[SourceDate "2005.11.24"]
[SourceVersion "1"]
[SourceVersionDate "2005.11.24"]
[SourceQuality "1"]

1. d4 d5 2. c4 e6 3. Nc3 Nf6 4. Bg5 Be7 5. e3 Nc6 6. Nf3 0-0 7. Rc1 Nd7 8. Bxe7 Nxe7 9. Bd3 c6 10. 0-0 Ng6 11. e4 Nf6 12. cxd5 cxd5 13. e5 Ne8 14. Qd2 Bd7 15. g3 f5 16. exf6 Qxf6 17. Be2 Nd6 18. Ne1 Nf5 19. Rd1 Bc6 20. f4 Nd6 21. b3 Ne4 22. Nxe4 dxe4 23. Ng2 Rad8 24. Ne3 Rd7 25. f5 exf5 26. Rxf5 Qd8 27. Bc4+ Kh8 28. Rxf8+ Nxf8 29. Qf2 b5 30. Be2 Ng6 31. Qf5 Ne7 32. Qc5 a6 33. Bg4 Rd6 34. Bh3 Bb7 35. Bg2 Bd5 36. Qa3 Bb7 37. Qb2 h6 38. Ng4 Ng6 39. Qd2 Ne7 40. Ne5 Rf6 41. Re1 Qa8 42. Nd7 Rd6 43. Nc5 e3 44. Rxe3 Bxg2 45. Qxg2 Qxg2+ 46. Kxg2 Nf5 47. Rd3 Nxd4 48. b4 Nf5 49. Rxd6 Nxd6 50. Nxa6 Ne4 51. Nc5 Nc3 52. a3 Kg8 53. Kf3 Kf7 54. Ke3 Ke7 55. Kd4 Nb1 56. a4 bxa4 57. Nxa4 Na3 58. Kc5 Kd7 59. Nc3 Nc2 60. b5 Ne3 61. Ne4 Ng4 62. Kb6 Ne5 63. Ka7 h5 64. b6 Nc6+ 65. Ka8 g6 66. b7 Kc7 67. Nc3 g5 68. Nd5+ Kd8 69. Nb4 Kd7 70. Nxc6 1-0

[Event "Aragon-chT"]
[Site "Spain"]
[Date "2004.??.??"]
[Round "?"]
[White "Cortes Lizano, Jesus"]
[Black "Andreu Sin, Raul"]
[Result "1-0"]
[WhiteElo "2052"]
[BlackElo "2079"]
[PlyCount "71"]
[EventDate "2004.01.??"]
[EventType "team"]
[EventRounds "11"]
[EventCountry "ESP"]
[SourceTitle "EXT 2006"]
[Source "ChessBase"]
[SourceDate "2005.11.24"]
[SourceVersion "1"]
[SourceVersionDate "2005.11.24"]
[SourceQuality "1"]

1. e4 e5 2. Nf3 Nc6 3. Bb5 a6 4. Ba4 Nf6 5. 0-0 b5 6. Bb3 Be7 7. Re1 0-0 8. h3 d6 9. c3 Na5 10. Bc2 c5 11. d4 Qc7 12. Nbd2 Bd7 13. b4 Nb7 14. bxc5 Ne8 15. Nf1 f6 16. cxd6 Bxd6 17. Bb3+ Kh8 18. Bb2 Na5 19. Ne3 Nxb3 20. axb3 Be6 21. d5 Bc8 22. Qd3 g5 23. Rec1 Bc5 24. b4 Bb6 25. c4 Bxe3 26. Qxe3 bxc4 27. Qc5 Qf7 28. Rxc4 h5 29. b5 Bb7 30. bxa6 Rxa6 31. Rxa6 Bxa6 32. Ra4 Bb7 33. Ra7 Ng7 34. Rxb7 Qxb7 35. Qxf8+ Kh7 36. Qa3 1-0